<?xml version="1.0" encoding="UTF-8"?><?xml-stylesheet type="text/xsl" href="static/style.xsl"?><OAI-PMH xmlns="http://www.openarchives.org/OAI/2.0/" xmlns:xsi="http://www.w3.org/2001/XMLSchema-instance" xsi:schemaLocation="http://www.openarchives.org/OAI/2.0/ http://www.openarchives.org/OAI/2.0/OAI-PMH.xsd"><responseDate>2026-06-01T10:24:04Z</responseDate><request verb="GetRecord" identifier="oai:riuma.uma.es:10630/40042" metadataPrefix="marc">https://riuma.uma.es/rest/oai/request</request><GetRecord><record><header><identifier>oai:riuma.uma.es:10630/40042</identifier><datestamp>2026-02-03T11:32:25Z</datestamp><setSpec>com_10630_2254</setSpec><setSpec>col_10630_37953</setSpec></header><metadata><record xmlns="http://www.loc.gov/MARC21/slim" xmlns:dcterms="http://purl.org/dc/terms/" xmlns:doc="http://www.lyncode.com/xoai" xmlns:xsi="http://www.w3.org/2001/XMLSchema-instance" xsi:schemaLocation="http://www.loc.gov/MARC21/slim http://www.loc.gov/standards/marcxml/schema/MARC21slim.xsd">
   <leader>00925njm 22002777a 4500</leader>
   <datafield ind2=" " ind1=" " tag="042">
      <subfield code="a">dc</subfield>
   </datafield>
   <datafield ind2=" " ind1=" " tag="720">
      <subfield code="a">Sánchez-Sánchez, Alejandro</subfield>
      <subfield code="e">author</subfield>
   </datafield>
   <datafield ind2=" " ind1=" " tag="720">
      <subfield code="a">Pérez-Armenta, Carlos</subfield>
      <subfield code="e">author</subfield>
   </datafield>
   <datafield ind2=" " ind1=" " tag="720">
      <subfield code="a">Luque-González, José Manuel</subfield>
      <subfield code="e">author</subfield>
   </datafield>
   <datafield ind2=" " ind1=" " tag="720">
      <subfield code="a">Ortega-Moñux, Alejandro</subfield>
      <subfield code="e">author</subfield>
   </datafield>
   <datafield ind2=" " ind1=" " tag="720">
      <subfield code="a">Wangüemert-Pérez, J.Gonzalo</subfield>
      <subfield code="e">author</subfield>
   </datafield>
   <datafield ind2=" " ind1=" " tag="720">
      <subfield code="a">Molina-Fernández, Íñigo</subfield>
      <subfield code="e">author</subfield>
   </datafield>
   <datafield ind2=" " ind1=" " tag="720">
      <subfield code="a">Halir, Robert</subfield>
      <subfield code="e">author</subfield>
   </datafield>
   <datafield ind2=" " ind1=" " tag="260">
      <subfield code="c">2025</subfield>
   </datafield>
   <datafield ind2=" " ind1=" " tag="520">
      <subfield code="a">With the expansion of silicon photonics from datacom applications into emerging fields like optical I/O, quantum and programmable photonics, there is an increasing demand for devices that combine ultra-compact footprints, low losses, and broad bandwidths. While inverse design techniques have proven very efficient in achieving small footprints, they often underutilize physical insight and rely on large parameter spaces that are challenging to explore, thereby limiting the performance of the resulting devices. Here a design methodology is presented that combines inverse design with a topology based on cells, each of which contains a subwavelength metamaterial. This approach significantly reduces the parameter space, while the inherent anisotropy of the subwavelength structures yields shorter devices. This technique is experimentally demonstrated with an ultra-compact spot size converter that achieves a ×24 expansion ratio times (from 0.5 to 12 𝝁�m) over a length of only 7.2 𝝁�m, with insertion losses of 0.8 dB across a measured bandwidth of 160 nm (up to 300 nm in simulation), surpassing the state-of-the-art by a wide margin.</subfield>
   </datafield>
   <datafield ind1="8" ind2=" " tag="024">
      <subfield code="a">A. Sánchez-Sánchez, C. Pérez-Armenta, J. M. Luque-González, et al. “ Ultra-Compact Broadband Spot Size Converter Using Metamaterial Cell-Based Inverse Design.” Laser Photonics Rev (2025): e00093. https://doi.org/10.1002/lpor.202500093</subfield>
   </datafield>
   <datafield ind1="8" ind2=" " tag="024">
      <subfield code="a">https://hdl.handle.net/10630/40042</subfield>
   </datafield>
   <datafield ind1="8" ind2=" " tag="024">
      <subfield code="a">10.1002/lpor.202500093</subfield>
   </datafield>
   <datafield tag="653" ind2=" " ind1=" ">
      <subfield code="a">Anisotropía</subfield>
   </datafield>
   <datafield tag="653" ind2=" " ind1=" ">
      <subfield code="a">Metamateriales</subfield>
   </datafield>
   <datafield ind2="0" ind1="0" tag="245">
      <subfield code="a">Ultra-Compact Broadband Spot Size Converter Using Metamaterial Cell-Based Inverse Design</subfield>
   </datafield>
</record>
</metadata></record></GetRecord></OAI-PMH>